000 00676nam a22002057a 4500
999 _c19957
_d19957
003 AR-CdUCM
008 190524b ||||| |||| 00| 0 spa d
040 _aMUNICIPALIDAD PROVINCIAL DEL CUSCO
_cBIBLIOTECA MUNICIPAL DEL CUSCO
082 _a101 /
_bM26
100 _aMaritain, Jacques
_92421
245 _aIntroducción a la filosofía /
260 _aBuenos Aires :
_bClub de lectores,
_c1956.
300 _a240 páginas ;
_c20 cm.
505 _aContenido: Naturaleza de la filosofía -- Nociones históricas -- Conclusiones...
650 _aFilosofía
_9395
650 _aHistoria
_9136
650 _aTeología
_93537
942 _2ddc
_cLIBROS
945 _adavv
_d2019-05-24